Gochy i Zabory w badaniach kaszuboznawczych
| Titel: | Gochy i Zabory w badaniach kaszuboznawczych |
|---|---|
| Verfasser: | |
| In: |
Acta cassubiana, Band 10 (2008), Seite 110-129 alle Artikel anzeigen |
| Veröffentlicht: | 2008 |
| Format: | Aufsatz |
| Sprache: | Polnisch |
X
alg: 39408623 001A $01999:12-11-16 001B $06050:10-03-26 $t09:56:29.000 001D $01999:12-11-16 001U $0utf8 001X $00 002@ $0Aox 003@ $0394086236 007A $0394086236 $aHEB 007T $0Herdkk00011740 010@ $apol 011@ $a2008 021A $aGochy i Zabory w badaniach kaszuboznawczych 028A $aŁosiński $dAleksander 031A $d10 $h110-129 $j2008 037A $aXVIII-XX w.039B $aIn $8--Abvc--. Acta cassubiana. - Gdańsk : [Verlag nicht ermittelbar], 1999-. - ISSN 1509-5703 $x200800000100000890 $9099074672 045F $a390.09438 $eDDC23BSB 045F/01 $a390 045F/03 $g438 045T $a7,41 $a7,39 045T $aOST $qDE-12 $2FID lok: 39408623 78 exp: 39408623 78 1 #EPN 201B/01 $019-12-17 $t22:56:31.000 201U/01 $0utf8 203@/01 $0790196751 208@/01 $a12-11-16 $be 209A/01 $a/ $f000 $x00 220C/01 $aTitelaufnehmer: pbb 220C/01 $aHerkunft: PBB/IH PAN 244Z/01 $2Trx $#Poola $#Lenkija $#Polija $#Polen Land $#Poland $#Lengyelország $#Poľsko $#Polsko $8--Trx--Polska$gkraj $x01 $9391345966 244Z/01 $#Kaszuby $#Kaschubei $#Pommerellen, Nord $#Nordpommerellen $74284575-0 $8--Tg1--Kaschubien $x02 $9086537350 244Z/01 $2Trx $8--Trx--Zeitschriftenaufsatz $x03 $9391384341 245Z/01 $a11.02 $x01 247C/01 $82080>Marburg/Lahn, Herder-Institut, Forschungsbibliothek, Bibliographieportal $9336309341
| LEADER | 00000caa a22000002c 4500 | ||
|---|---|---|---|
| 001 | 394086236 | ||
| 003 | DE-603 | ||
| 005 | 20260310095629.0 | ||
| 007 | tu | ||
| 008 | 161112s2008 xx |||| | u00||u|pol c | ||
| 035 | |a (DE-599)HEB394086236 | ||
| 040 | |a DE-603 |b ger |c DE-603 |d DE-603 | ||
| 041 | |a pol | ||
| 082 | 0 | 4 | |8 1\u |a 390.09438 |q DE-101 |2 23/BSB |
| 084 | |a 7,41 |a 7,39 |2 ssgn | ||
| 084 | |a OST |q DE-12 |2 fid | ||
| 085 | |8 1\u |b 390 | ||
| 085 | |8 1\u |z 2 |s 438 | ||
| 100 | 1 | |a Łosiński, Aleksander | |
| 245 | 0 | 0 | |a Gochy i Zabory w badaniach kaszuboznawczych |
| 264 | 0 | |c 2008 | |
| 500 | |a XVIII-XX w. <pol> | ||
| 773 | 0 | 8 | |i In |t Acta cassubiana |d Gdańsk : [Verlag nicht ermittelbar], 1999- |x 1509-5703 |g Band 10 (2008), Seite 110-129 |w (DE-603)099074672 |w (DE-600)2050525-5 |
| 924 | 0 | |9 2080 |a (DE-603)790196751 |b DE-2080 |c HES |d d |g / | |


